Introduction to Programming with C++ / (Record no. 35226)
[ view plain ]
| 000 -LEADER | |
|---|---|
| fixed length control field | 00513nam a22001817a 4500 |
| 005 - DATE AND TIME OF LATEST TRANSACTION | |
| control field | 20240305142449.0 |
| 008 - FIXED-LENGTH DATA ELEMENTS--GENERAL INFORMATION | |
| fixed length control field | 240305b |||||||| |||| 00| 0 eng d |
| 020 ## - INTERNATIONAL STANDARD BOOK NUMBER | |
| ISBN | 9780619217112 |
| 082 ## - DEWEY DECIMAL CLASSIFICATION NUMBER | |
| Classification number | 005.133 |
| Item number | ZAK-I |
| 100 ## - MAIN ENTRY--AUTHOR | |
| Author Name | Zak, Diane |
| 245 ## - TITLE STATEMENT | |
| Title | Introduction to Programming with C++ / |
| Statement of responsibility, etc. | Diane Zak |
| 250 ## - EDITION STATEMENT | |
| Edition statement | 4th ed. |
| 260 ## - PUBLICATION, DISTRIBUTION, ETC. | |
| Place of Publication | india: |
| Name of publisher, distributor, etc. | Thomson Course technology; |
| Date of publication, distribution, etc. | 2014. |
| 300 ## - PHYSICAL DESCRIPTION | |
| Pages | xii, 605 p. : |
| 500 ## - GENERAL NOTE | |
| General note | Include index. |
| 650 ## - SUBJECT ADDED ENTRY--TOPICAL TERM | |
| Subject / Department | computer science/programming |
| 300 ## - PHYSICAL DESCRIPTION | |
| -- | ill, |
| -- | 24 cm. |
| 952 ## - LOCATION AND ITEM INFORMATION (KOHA) | |
| -- | 0 |
| -- | 0 |
| 952 ## - LOCATION AND ITEM INFORMATION (KOHA) | |
| -- | 0 |
| -- | 0 |
| Lost status | Damaged status | Collection code | Permanent Location | Current Location | Shelving Location | Date acquired | Full Call Number | Accession No./Barcode | Date last seen | Copy number | item type | Koha item type |
|---|---|---|---|---|---|---|---|---|---|---|---|---|
| CS/IT | Superior Information Resource Center (SIRC) Superior University- Gold Campus | Superior Information Resource Center (SIRC) Superior University- Gold Campus | Programming | 03/05/2024 | 005.133 ZAK-I 2014 | 16095 | 03/05/2024 | 1 | BOOK | BOOK | ||
| CS/IT | Superior Information Resource Center (SIRC) Superior University- Gold Campus | Superior Information Resource Center (SIRC) Superior University- Gold Campus | Programming | 03/05/2024 | 005.133 ZAK-I 2014 | 16300 | 03/05/2024 | 2 | BOOK | BOOK |
